Normativa, fundamentos y aplicación del modelo de valuación (Registro nro. 2020)

Detalles MARC
000 -LEADER
fixed length control field 01424 a2200217 4500
001 - CONTROL NUMBER
control field 30095
005 - DATE AND TIME OF LATEST TRANSACTION
control field 20260407155612.0
008 - FIXED-LENGTH DATA ELEMENTS--GENERAL INFORMATION
fixed length control field 260407a1994 arg spa d
003 - CONTROL NUMBER IDENTIFIER
control field AR-UNSa-BCEJYS
040 ## - CATALOGING SOURCE
Original cataloging agency AR-UNSa-BCEJYS
Language of cataloging spa
Transcribing agency AR-UNSa-BCEJYS
080 ## - UNIVERSAL DECIMAL CLASSIFICATION NUMBER
Universal Decimal Classification number 657(083)
Common auxiliary subdivision Resoluciones Técnicas Contables. Informes
020 ## - INTERNATIONAL STANDARD BOOK NUMBER
International Standard Book Number 950-866-003-1
041 ## - LANGUAGE CODE
Language code of text/sound track or separate title spa
100 1# - MAIN ENTRY--PERSONAL NAME
Personal name Senderovich, Pablo David
245 10 - TITLE STATEMENT
Title Normativa, fundamentos y aplicación del modelo de valuación
Name of part/section of a work nivel básico
264 #1 - PRODUCTION, PUBLICATION, DISTRIBUTION, MANUFACTURE, AND COPYRIGHT NOTICE
Place of production, publication, distribution, manufacture Buenos Aires :
Name of producer, publisher, distributor, manufacturer Reisa
Date of production, publication, distribution, manufacture, or copyright notice 1994
300 ## - PHYSICAL DESCRIPTION
Extent 76 p.
Dimensions 28 cm.
505 ## - FORMATTED CONTENTS NOTE
Formatted contents note 1. Aspectos introductorios - 2. Fundamentos conceptuales - 3. El modelo contable de la RTNº 10 - 4. Caja y bancos, colocaciones de fondos, préstamos, créditos y pasivos ( en moneda argentina) - 5. Caja y bancos, colocaciones de fondos, préstamos, créditos y pasivos ( en moneda extranjera) - 6. Colocaciones de fondos, préstamos, créditos y pasivos ( sujeto a ajuste o indexación)- 7. Bienes de cambio - 8. Inversiones corrientes con cotización en bolsas o mercados de valores - 9. Participaciones permanentes en sociedades controladas - 10. Participaciones permanentes en sociedades controladas( con influencia significativa)- 11. Participaciones permanentes en sociedades ( sin influencia significativa) - 12. Bienes de uso e inversiones en bienes de naturaleza similar.
590 ## - LOCAL NOTE (RLIN)
Local note niveau_biblio:m niveau_hierar:0
942 ## - ADDED ENTRY ELEMENTS (KOHA)
Koha item type
Existencias
Withdrawn status Lost status Damaged status Not for loan Home library Current library Shelving location Date acquired Total checkouts Full call number Barcode Date last seen Price effective from Koha item type
        Biblioteca Prof. Eusebio Cleto del Rey Biblioteca Prof. Eusebio Cleto del Rey   07/04/2026   657(083) S474b Res10 L69751 07/04/2026 07/04/2026 Libro
        Biblioteca Prof. Eusebio Cleto del Rey Biblioteca Prof. Eusebio Cleto del Rey   07/04/2026   657(083) S474b Res10 L69750 07/04/2026 07/04/2026 Libro
        Biblioteca Prof. Eusebio Cleto del Rey Biblioteca Prof. Eusebio Cleto del Rey   07/04/2026   657(083) S474b Res10 L69752 07/04/2026 07/04/2026 Libro
        Biblioteca Prof. Eusebio Cleto del Rey Biblioteca Prof. Eusebio Cleto del Rey   07/04/2026   657(083) S474b Res10 L69749 07/04/2026 07/04/2026 Libro
        Biblioteca Prof. Eusebio Cleto del Rey Biblioteca Prof. Eusebio Cleto del Rey   07/04/2026   657(083) S474b Res10 L69753 07/04/2026 07/04/2026 Libro